Представление документа в формате RUSMARC

ПолеНазваниеЗначение
  Тип записи a
  Библиографический уровень a
001 Контрольный номер UONB/MAIN/b276c615f8a247c69459f7b4e8ab7cbe
005 Дата корректировки 20260403154309.5
100 Данные общей обработки __
a Данные общей обработки 20260403 ||| 0rusy0189 ca
101 Язык документа 0_
a Язык текста rus
102 Страна публикации __
a Страна публикации RU
200 Заглавие и сведения об ответственности 1_
a Заглавие Патриот своей Родины
f Первые сведения об ответственности Н. Мустафин
203 Вид содержания и тип средства __
a Вид содержания Текст
b Характеристика содержания визуальный
c Тип средства непосредственный
215 Физическое описание __
c Иллюстрации/тип воспроизводства ил., фот.
330 Аннотация __
a Аннотация Ш. Ш. Анверов из р. п. Чердаклы - офицер, участник СВО, участник проекта "Герои Симбирской земли".
461 Уровень набора _0
1 2000
a Приволжская правда
463 Уровень физической единицы _0
1 2000
a № 12 (12049) (25 марта)
v С. 5
1 2101
d 2026
1 001UONB/MAIN/9ab0f01aa6804d4aaa2958373fea2973
600 Персоналии _1
a Персоналии (Фамилия) Анверов
b Персоналии (Имя, инициалы) Ш. Ш.
g Полное имя Шавкат Шамильевич
607 Географические рубрики __
a Географическое наименование Чердаклы, рабочий поселок (Чердаклинский район ; Ульяновская область)
610 Ключевые слова 0_
a Ключевые слова участники СВО; добровольцы; участники программы "Герои Симбирской земли"; офицеры
686 Индексы других классификаций __
a Классификационный индекс 68.42
700 Автор _1
a Фамилия Мустафин
b Имя (инициалы) Н.
g Полное личное имя Наиль
801 Источник записи _0
a Страна RU
b Организация Ульяновская ОНБ
c Дата составления 20260403
g Правила каталогизации RCR
801 Источник записи _1
a Страна RU
b Организация Ульяновская ОНБ
c Дата составления 20260403
g Правила каталогизации RCR
901 Тип документа __
t Тип документа f
w Контрольный № источника UONB/MAIN/9ab0f01aa6804d4aaa2958373fea2973
909 Создатель записи __
a Создатель записи Кулагина
b Дата создания записи 20260403